[Rezension von: Magdalene L. Frettlöh, Matthias Zeindler (Hrsg.), "Offener nichts als das geöffnete Ohr"]
Saved in:
| Main Author: | |
|---|---|
| Format: | Review |
| Language: | German |
| Published: |
2024
|
| In: |
Theologische Literaturzeitung
Year: 2024, Volume: 149, Issue: 9, Pages: 834-836 |
| ISSN: | 0040-5671 |
| Subjects: | |
| Online Access: | Verlag, lizenzpflichtig, Volltext: https://www.thlz.com/artikel/25738/?inhalt=heft%3D2024_9%23r53 |
| Author Notes: | Rezensent: Wolfgang Vögele |
MARC
| LEADER | 00000caa a2200000 c 4500 | ||
|---|---|---|---|
| 001 | 1908230827 | ||
| 003 | DE-627 | ||
| 005 | 20250715135715.0 | ||
| 007 | cr uuu---uuuuu | ||
| 008 | 241111s2024 xx |||||oo 00| ||ger c | ||
| 035 | |a (DE-627)1908230827 | ||
| 035 | |a (DE-599)KXP1908230827 | ||
| 040 | |a DE-627 |b ger |c DE-627 |e rda | ||
| 041 | |a ger | ||
| 084 | |a 12 |2 sdnb | ||
| 084 | |a 1 |2 ssgn | ||
| 100 | 1 | |a Vögele, Wolfgang |d 1962- |e VerfasserIn |0 (DE-588)112967760 |0 (DE-627)493437045 |0 (DE-576)16549770X |4 aut | |
| 245 | 1 | 0 | |a [Rezension von: Magdalene L. Frettlöh, Matthias Zeindler (Hrsg.), "Offener nichts als das geöffnete Ohr"] |c Rezensent: Wolfgang Vögele |
| 264 | 1 | |c 2024 | |
| 300 | |a 3 | ||
| 336 | |a Text |b txt |2 rdacontent | ||
| 337 | |a Computermedien |b c |2 rdamedia | ||
| 338 | |a Online-Ressource |b cr |2 rdacarrier | ||
| 655 | 7 | |a Rezension |0 (DE-588)4049712-4 |0 (DE-627)106186019 |0 (DE-576)209083166 |2 gnd-content | |
| 773 | 0 | 8 | |i Enthalten in |t Theologische Literaturzeitung |d Leipzig : Evangelische Verl.-Anst., 1876 |g 149(2024,9) Spalte 834-836 |h Online-Ressource |w (DE-627)320517764 |w (DE-600)2014174-9 |w (DE-576)094449406 |x 0040-5671 |7 nnas |a [Rezension von: Magdalene L. Frettlöh, Matthias Zeindler (Hrsg.), "Offener nichts als das geöffnete Ohr"] |
| 773 | 1 | 8 | |g volume:149 |g year:2024 |g number:9 |g month:09 |g pages:834-836 |g extent:3 |a [Rezension von: Magdalene L. Frettlöh, Matthias Zeindler (Hrsg.), "Offener nichts als das geöffnete Ohr"] |
| 776 | 0 | 8 | |i Erscheint auch als |n Druck-Ausgabe |a Vögele, Wolfgang, 1962 - |t [Rezension von: Magdalene L. Frettlöh, Matthias Zeindler (Hrsg.), "Offener nichts als das geöffnete Ohr"] |d 2024 |w (DE-627)1908280913 |
| 787 | 0 | 8 | |i Rezension von |t "Offener nichts als das geöffnete Ohr" |d Zürich : TZV, Theologischer Verlag Zürich, 2023 |h 327 Seiten |w (DE-627)1845077024 |z 9783290185770 |z 329018577X |
| 856 | 4 | 0 | |u https://www.thlz.com/artikel/25738/?inhalt=heft%3D2024_9%23r53 |x Verlag |z lizenzpflichtig |3 Volltext |
| 951 | |a AR | ||
| 992 | |a 20241112 | ||
| 993 | |a Review | ||
| 994 | |a 2024 | ||
| 998 | |g 112967760 |a Vögele, Wolfgang |m 112967760:Vögele, Wolfgang |d 10000 |e 10000PV112967760 |k 0/10000/ |p 1 |x j |y j | ||
| 999 | |a KXP-PPN1908230827 |e 4613317053 | ||
| BIB | |a Y | ||
| SER | |a journal | ||
| JSO | |a {"recId":"1908230827","id":{"eki":["1908230827"]},"language":["ger"],"physDesc":[{"extent":"3 S."}],"relHost":[{"note":["Gesehen am 19.03.25"],"origin":[{"dateIssuedDisp":"1876-","publisherPlace":"Leipzig","dateIssuedKey":"1876","publisher":"Evangelische Verl.-Anst."}],"titleAlt":[{"title":"ThLZ"}],"id":{"issn":["0040-5671"],"zdb":["2014174-9"],"eki":["320517764"]},"recId":"320517764","disp":"[Rezension von: Magdalene L. Frettlöh, Matthias Zeindler (Hrsg.), \"Offener nichts als das geöffnete Ohr\"]Theologische Literaturzeitung","physDesc":[{"extent":"Online-Ressource"}],"part":{"text":"149(2024,9) Spalte 834-836","volume":"149","pages":"834-836","issue":"9","year":"2024","extent":"3"},"type":{"bibl":"periodical","media":"Online-Ressource"},"title":[{"subtitle":"Monatsschrift für das gesamte Gebiet der Theologie und Religionswissenschaft","title_sort":"Theologische Literaturzeitung","title":"Theologische Literaturzeitung"}],"person":[{"given":"Friederike","role":"edt","family":"Nüssel","display":"Nüssel, Friederike"}],"pubHistory":["1.1876 -"],"language":["ger"]}],"type":{"media":"Online-Ressource","bibl":"article-journal"},"title":[{"title_sort":"[Rezension von: Magdalene L. Frettlöh, Matthias Zeindler (Hrsg.), \"Offener nichts als das geöffnete Ohr\"]","title":"[Rezension von: Magdalene L. Frettlöh, Matthias Zeindler (Hrsg.), \"Offener nichts als das geöffnete Ohr\"]"}],"person":[{"display":"Vögele, Wolfgang","given":"Wolfgang","role":"aut","family":"Vögele"}],"name":{"displayForm":["Rezensent: Wolfgang Vögele"]},"origin":[{"dateIssuedKey":"2024","dateIssuedDisp":"2024"}]} | ||
| SRT | |a VOEGELEWOLREZENSIONV2024 | ||